000
00244nam a2200097Ia 4500
001
640741
005
20250826153453.0
008
250824s9999 xx 000 0 und d
245
0
_a
NEREDEN NEREYE BİLİM
_c
ANNA CLAYBOURNE
260
_b
GENÇ TİMAŞ
999
_c
640741
_d
640741